000 00345nam a2200145Ia 4500
008 150301s2014 xx 000 0 und d
082 _a610
_bM14A
100 _aALAGAPPAN, R.
245 _aMANUAL OF PRACTICAL MEDICINE
250 _a5TH
260 _bJAYPEE
_aDELHI
_c2014
300 _a1022
650 _aGENERAL MEDICINE
942 _2ddc
_cBK
_059
999 _c6567
_d6567